000
00257nmm a2200085Ia 4500
008
220120s9999||||xx |||||||||||||||||und||
100
_a
PC QUEST
_9
10676
245
0
_a
14 open source big data tools; databases, big data stores, s
260
_a
Cyber media Pvt. Ltd.
999
_c
139842
_d
139842